| 000 | 02038cam a2200553 i 4500 | ||
|---|---|---|---|
| 001 | sjds2057585 | ||
| 003 | sjds | ||
| 005 | 20180805211404.0 | ||
| 008 | 160919t20172018mnuab j b 001 0 spa | ||
| 010 | _a 2016042725 | ||
| 020 |
_a9781512441239 _q(library bound ; _qalk. paper) |
||
| 020 |
_a1512441236 _q(library bound ; _qalk. paper) |
||
| 020 |
_a9781512454024 _q(pbk. ; _qalk. paper) |
||
| 020 |
_a1512454028 _q(pbk. ; _qalk. paper) |
||
| 035 | _a1554328 | ||
| 035 | _a(OCoLC)958876630 | ||
| 035 | _a(OCoLC)ocn958876630 | ||
| 035 | _a1554328 | ||
| 040 |
_aDLC _beng _erda _cDLC _dOCLCO _dOCLCF _dOCLCO _dBTCTA _dOCLCQ _dBDX _dOCLCQ _dGL9 _dIFA |
||
| 041 | 1 |
_aspa _heng |
|
| 042 | _apcc | ||
| 043 | _anwcu--- | ||
| 049 | _aIFAA | ||
| 099 |
_a972 _f2017 |
||
| 999 |
_c21208 _d21208 |
||
| 999 | _bCHILDREN ESPANOL 972 MOON 2017 | ||
| 100 | 1 |
_aMoon, Walt K., _eauthor. |
|
| 240 | 1 | 0 |
_aLet's explore Cuba. _lSpanish |
| 245 | 1 | 0 |
_aExploremos Cuba / _cpor Walt K. Moon. |
| 260 |
_aMinneapolis : _bEdiciones Lerner, _c[2017], c2018. |
||
| 264 | 1 |
_aMinneapolis : _bEdiciones Lerner, _c[2017] |
|
| 264 | 4 | _cc2018 | |
| 300 |
_a24 pages : _bcolor map, color illustrations ; _c24 cm. |
||
| 336 |
_atext _btxt _2rdacontent |
||
| 336 |
_astill image _bsti _2rdacontent |
||
| 337 |
_aunmediated _bn _2rdamedia |
||
| 338 |
_avolume _bnc _2rdacarrier |
||
| 490 | 1 | _aBumba books en espanol-- Exploremos países | |
| 504 | _aIncludes bibliographical references (page 24) and index. | ||
| 505 | 0 | 0 |
_tUna visita a Cuba -- _tMapa de Cuba -- _tGlosario de las fotografías. |
| 520 | _aDescribes the geography, animals, plants, cities, food, and sports of Cuba. | ||
| 521 | 1 | _aAges 4-7. | |
| 521 | 2 | _aGrades K-3. | |
| 526 | 0 |
_aAccelerated Reader AR _bLG _c1.7 _d0.5 _z187947. |
|
| 650 | 7 |
_aCuba _vLiteratura juvenil. _2bidex |
|
| 651 | 0 |
_aCuba _vJuvenile literature. |
|
| 776 | 0 | 8 |
_iOnline version: _aMoon, Walt K. _tExploremos Cuba. _dMinneapolis : Ediciones Lerner, [2017] _z9781512449822 _w(DLC) 2016043098 |
| 830 | 0 |
_aLet's explore countries. _lSpanish. |
|
| 942 | _cBK | ||